000 00351nam a2200145Ia 4500
008 230917s9999||||xx |||||||||||||| ||und||
020 _cGBP15
040 _e38508
_aMAIN
041 _aEnglish
082 _a823.09 M621N
245 4 _aThe novel in english: an introduction
260 _aLondon
_bMacmillan
_c1983
300 _avi, 174 p.
942 _cBK
999 _c41494
_d41494